000 00625cab a2200205 4500
001 ABS44904
008 090401t1991 xxu||||| |||| 00| 0 eng d
035 _a(Sirsi) u49813
041 _aeng
100 _aRowe, R.
245 _aCapital allowances: planning to maximise tax relief
260 _c1991
350 _a0
490 _aProperty Journal
_v16(2) June 1991, 18-19(2)
520 _aSummarises assets which qualify for capital allowances including plant and machinery , industrial buildings , hotels and enterprise zones .
650 _aTAX RELIEF
690 _aTAXATION
942 _n0
948 _c04/03/1997
999 _c31194
_d31194